Vermischte Schriften: zur Philosophie

Saved in:
Bibliographic Details
Main Author: Schleiermacher, Friedrich (Author)
Format: Book
Language:German
Published: Berlín Georg Reimer 1846
Series:Sämmtliche Werke, 1
Subjects:
Tags: Add Tag
No Tags, Be the first to tag this record!

MARC

LEADER 00000nam a2200000 a 4500
001 UCU1624
003 CL-VaPUC
008 960409e18460000GW |||||||||||||||||ger|d
082 0 4 |a 170  |b SCH  |2 21 
100 0 |a Schleiermacher, Friedrich  |e author  |9 357297 
245 1 0 |a Vermischte Schriften: zur Philosophie 
300 |a 702 p 
942 |c BK 
945 |d 19960409 00:00:00  |a cmena 
260 |a Berlín  |b Georg Reimer  |c 1846 
650 0 |a Filosofía   |9 223554 
650 0 |a Ética  |9 255099 
650 0 |a Religión   |9 255164 
583 |a last modification  |c 19960409 00:00:00  |k Rodrigo Vera 
490 0 |a Sämmtliche Werke, 1 
999 |c 246185  |d 246183 
952 |0 0  |1 0  |4 0  |6 170_000000000000000_SCH_1846  |7 0  |8 P  |9 260937  |a BIBEDU  |b BIBEDU  |c BIBEDU_PB  |d 2019-11-19  |i 201324K  |o 170 SCH 1846  |p 201324K  |r 2024-01-25  |w 2019-11-19  |y BK  |k FIL